Dlhodobá nezamestnanosť a jej sociálno-ekonomické dôsledky diplomová práca

Saved in:
Bibliographic Details
Main Author: Ondrušeková, Miriama
Corporate Author: Národohospodárska fakulta EU. Katedra sociálneho rozvoja a práce
Other Authors: Rievajová, Eva
Format: Book
Language:Slovak
Published: Bratislava 2016
Tags: Add Tag
No Tags, Be the first to tag this record!

MARC

LEADER 00000nbm a2200000 4500
001 0217873
005 20231115073201.0
041 0 |a slo 
044 |a SK 
245 1 0 |a Dlhodobá nezamestnanosť a jej sociálno-ekonomické dôsledky  |b diplomová práca  |c Miriama Ondrušeková ; školiteľ: Eva Rievajová 
264 1 |a Bratislava  |c 2016 
300 |a 75 s. 
100 1 |a Ondrušeková, Miriama 
700 1 |a Rievajová, Eva 
710 2 |a Národohospodárska fakulta EU. Katedra sociálneho rozvoja a práce